| 000 | 00655nam a2200229 a 4500 | ||
|---|---|---|---|
| 008 | |||
| 020 | _a0852972792 (pbk.) | ||
| 049 | _aMAIN | ||
| 090 | _aHG1615 | ||
| 100 | 1 | _aWhyte, Ian. | |
| 245 | 1 | 0 |
_aManagement in banking / _cIan Whyte, John Plenderleith. |
| 260 |
_aLondon : _bChartered Institute of Bankers, _c1990. |
||
| 300 |
_axiii, 329 p. ; _c21cm. |
||
| 650 | 0 | _aBank management. | |
| 700 | 1 | _aPlenderleith, John. | |
| 710 | 2 | _aChartered Institute of Bankers. | |
| 907 |
_a.b10059404 _b20-07-04 _c17-04-03 |
||
| 003 | |||
| 005 | 20230123133756.0 | ||
| 040 | _cNUST | ||
| 942 |
_cBOOKS _kHG1615 |
||
| 999 |
_c154410 _d154410 |
||